Revista de Derecho Privado y Comunitario 2020 - 1 : cuestiones patrimoniales del derecho de las familias - I
Guardado en:
| Formato: | Libro |
|---|---|
| Idioma: | Spanish |
| Publicado: |
Santa Fe :
Rubinzal - Culzoni,
2020.
|
| Series: | Revista de Derecho Privado y Comunitario
|
| Materias: | |
| Etiquetas: |
Agregar Etiqueta
Sin Etiquetas, Sea el primero en etiquetar este registro!
|
| LEADER | 00716nam a22001935a 4500 | ||
|---|---|---|---|
| 001 | DER.der014612 | ||
| 008 | 201215s2020####ag#||||||||||||||#||spa|| | ||
| 005 | 20230609122603.0 | ||
| 245 | 1 | 0 | |a Revista de Derecho Privado y Comunitario 2020 - 1 : |b cuestiones patrimoniales del derecho de las familias - I |f 2020 - 1 / |c Alegría, Héctor. |
| 260 | |a Santa Fe : |b Rubinzal - Culzoni, |c 2020. | ||
| 300 | |a 744 p. | ||
| 020 | |a 9789873014642 | ||
| 700 | 1 | |a Alegría, Héctor., |e dir. | |
| 700 | 1 | |a Mosset Iturraspe, Jorge., |e dir. | |
| 830 | 0 | |a Revista de Derecho Privado y Comunitario | |
| 650 | 7 | |a PATRIMONIO | |
| 650 | 7 | |a REGIMEN PATRIMONIAL DE MATRIMONIO | |
| 650 | 7 | |a DERECHO DE FAMILIAS | |
| 859 | |a DERECHO |b BIB. DERECHO |h 346 |i REV |p 009911 | ||
